00225 a2200109 4500001000700000020000600007040001100013100001900024240003400043245002900077362000900106165018 a  cMagnum aLenharo, Alcir10aSacralizacao da politicalpor10aSacralizacao da politica0 a1899